Arxiu de la Baronia d'Eramprunyà : (fons de la Família Girona) : (1587-1930) / Arxiu Nacional de Catalunya ; a cura de Josep Fernàndez Trabal, Pilar Frago Pérez i Joan Pons Alzina (fons de la Família Girona) :

Publicat: [Sant Cugat del Vallès] : Arxiu Nacional de Catalunya. Àrea de Fons Històrics , 2005
Descripció física: XIV, 324 p. ; 29 cm

MARC

LEADER 00000nam a2200000Ia 4500
001 17596
008 160829s2005 xx 000 0 cat d
020 |a A la coberta: Fons complementari de l'Arxiu Nacional de Catalunya 
080 |a A-2-247 
110 2 |a Arxiu Nacional de Catalunya  |9 55117 
245 |a Arxiu de la Baronia d'Eramprunyà :  |b  (fons de la Família Girona) :  |b  (1587-1930) / Arxiu Nacional de Catalunya ; a cura de Josep Fernàndez Trabal, Pilar Frago Pérez i Joan Pons Alzina 
260 |a [Sant Cugat del Vallès] :  |b Arxiu Nacional de Catalunya. Àrea de Fons Històrics,  |c 2005 
300 |a XIV, 324 p. ;  |c 29 cm 
610 2 0 |a Arxiu Nacional de Catalunya  |v Catàlegs  |9 56080 
650 |a Eramprunyà (Baronia)  |x Arxius  |9 27748 
700 1 |a Fernàndez Trabal, Josep  |e editor literari  |9 27749 
700 |a Frago Pérez, Pilar   |e editor literari  |9 30662 
700 |a Pons Alzina, Joan   |e editor literari  |9 41186 
901 |a Arxiu 
942 |n 1  |2 udc 
952 |0 0  |1 0  |4 0  |6 A2247  |7 1  |9 44536  |a Arxiu  |b Arxiu  |d 2016-12-01  |l 0  |o A-2-247  |p 17596  |r 2016-12-01 00:00:00  |w 2016-12-01  |y ARXIU 
999 |c 47117  |d 47117